01347nam a2200253 a 450000100100000000500170001000800410002702000180006804000250008624501420011126000720025330000210032549000740034650400730042050502360049370000240072970000270075370000240078070000490080470000380085383000800089195201050097199900170107600004552320240307174645.0150413s2012 dr 000 0 spa d a9789945443875 aDO-SdBNPbspacBNPHU00aDuarte revisitado (1813-2013) /cJuan Daniel Balcácer, José Chez Checo, Jorge Tena Reyes, Orlando Inoa, José Miguel Soto Jiménez. aSanto Domingo :bBanco Central de la República Dominicana,c2012. a290 p. ;c23 cm.1 aBanco Central de la República Dominicanav181aciencias Socialesn8 aIncluye referencias bibliográficas y notas al pie de las páginas0 aLas cartas patrióticas de Juan Pablo Duarte --Duarte y la independencia plena -- La República de Juan Pablo Duarte, un proyecto frustrado -- Juan Pablo Duarte , su última batalla, padre de la patria -- Duarte de carne y hueso12aInoa, Orlando9578412aTena Reyes,Jorge9825212aInoa, Orlando9578412aSoto Jiménez, José Miguel,d1956-91166812aChez Checo, José,d1949-910145 0aBanco Central de la República Dominicanapciencias Socialesv181/8973580 0010718PDaPDbPDcHDd2015-04-13iLF1l0o p45523-10r2020-06-25w2020-06-25yLFPDZNo se presta c45012d45012